000 00669nam a2200193Ia 4500
003 GCL
008 140319s9999 xx 000 0 ara d
020 _a3032913977
040 _aGCL /
_cGCL
082 0 4 _a213
_bن ا
100 1 _aنبيل لوقا بباوى
245 1 0 _aانتشار الاسلام بحد السيف بين الحقيقة والافتراء /
_cنبيل لوقا بباوى
260 _aالقاهرة :
_bدار البباوى للنشر ،
_c2002
300 _a192 ص ؛
_c24 سم
650 0 4 _aالاخلاق الاسلامية
650 0 4 _aالفتوحات الاسلامية
650 0 4 _aانتشار الاسلام
942 _2ddc
_cBK
999 _c6526
_d6526